[Event "Gyor Chalupetzky op 26th"]
[Site "Gyor"]
[Date "2024.08.04"]
[Round "7"]
[White "Bajluk Braz, Lehel"]
[Black "Ma, Guangxianzhao"]
[Result "1/2-1/2"]
[WhiteElo "1716"]
[BlackElo "1668"]
[PlyCount "34"]
[EventDate "2024.08.03"]
[EventType "swiss"]
[EventRounds "7"]
[EventCountry "HUN"]
[SourceTitle "EXT 2025"]
[Source "ChessBase"]
[SourceDate "2024.10.14"]
[SourceVersion "1"]
[SourceVersionDate "2024.10.14"]
[SourceQuality "1"]

1. d4 Nf6 2. c4 g6 3. Nc3 d5 4. cxd5 Nxd5 5. Na4 Nb6 6. e4 Bg7 7. Be3 0-0 8. Nf3 Nxa4 9. Qxa4 b6 10. Be2 Bb7 11. e5 e6 12. 0-0 Nc6 13. Rac1 Ne7 14. Rfd1 Nd5 15. Bg5 f6 16. exf6 Bxf6 17. Bxf6 Qxf6 1/2-1/2